Statistics for Flags of Countries that Border China in Alphabetical Order

Click here to take the quiz!

General Stats

  • This quiz has been taken 752 times
  • The average score is 14 of 14

Answer Stats

FlagCountry% Correct
India
100%
Bhutan
99%
Nepal
99%
Kazakhstan
98%
Pakistan
98%
Russia
98%
Vietnam
98%
North Korea
97%
Laos
96%
Mongolia
96%
Kyrgyzstan
95%
Myanmar
95%
Afghanistan
94%
Tajikistan
92%

Score Distribution

Percentile by Number Answered

Percent of People with Each Score

Your Score History

You have not taken this quiz